000 00385 a2200169 4500
001 69903
020 _a8510025657
040 _cAnchieta - Itaigara
100 _aNery, Salvador Barletta
240 1 0 _aO olhar de pincel
_lpor
245 1 0 _aO olhar de pincel
300 _a15
362 0 _a2004
440 1 _aEditora do Brasil
650 4 _aLiteratura infanto-juvenil
942 _cBK
999 _c69903
_d69903